000 00472nam a22001577a 4500
003 SISC
005 20160316102902.0
008 140224t xxu||||| |||| 00| 0 eng d
050 _aP 51
_b.F37 1991
100 _aFarber, Barry
_930582
245 _aHow to learn any language :
_bquickly, easily, inexpensively, enjoyably and on your own /
_cBarry Farber.
260 _aNew York :
_bCITADEL Press,
_c1991.
300 _a172 p. :
_c22 cm.
942 _2lcc
_cBK
999 _c42330
_d42330